| 000 | 00397nam a2200157Ia 4500 | ||
|---|---|---|---|
| 008 | 210716s2014 xx 000 0 und d | ||
| 020 | _a9780199452729 | ||
| 041 | _aeng | ||
| 082 | _a004 THAR | ||
| 100 | _aThareja, Reema. | ||
| 245 | _aFundamentals of computers. | ||
| 250 | _a1 | ||
| 260 |
_aNew Delhi _bOxford University Press _c2014 |
||
| 300 | _axiv,277 | ||
| 650 | _aComputer Fundamentals | ||
| 999 |
_c194002 _d194002 |
||